Allgemeinwissen Meine Neue Edition - Statistiken

Allgemein
  • Dieses Quiz wurde 43 mal gespielt
  • Das Durchschnittsergebnis liegt bei 4 aus 16
Answers on the Grid
Answers color-coded by a green-red scale on the quiz's grid according to % correct below.
Angela Merkel ist die Bundeskanzlerin Deutschlands. ( 2025 )
Friedrich Merz ist ein Hobby Pilot
Mathematik ist in der Schweiz das Beliebteste Fach. ( 2025 )
Donald Trump ist der reichste Mann der Welt.
Elon Musk ist der reichste Mann der Welt. ( 2025 Nov. )
Boeing produziert das grösste Flugzeuge der Welt.
Singapore Airlines fliegt den längsten Nonstop-Flug der Welt (2025).
Emirates Airlines kommt aus den Vereinigten Arabischen Emiraten.
Airbus produziert nach wie vor das größte Passagierflugzeug der Welt.( 2025 )
😀 Dieses Emoji bedeutet, dass ich nicht glücklich bin.
Dubai erhielt den Internationalen Preis für den Bau der längsten Autobahn der Welt in diesem Jahr. (2025)
J.K. Rowling starb am 12.9.25.
Harry Potter ist auch als Film erhältlich.
Lucius Malfoy ist eine böse Person in Harry Potter.
Der Airbus A350-1000 ist das neueste Flugzeug von Airbus.
Swiss hat drei Airbus A350-900 bestellt.
Die Wanderlust-Lackierung befindet sich auf einem Flugzeug der Austrian Airlines.
Der Mount Everest liegt in Japan.
Tokyo ist die Hauptstadt von Japan.
Daniel Craig spielt Captain Barbosa in Fluch der Karibik.
Michael Robotham spielt einen bösen Spion im James-Bond-Film „Skyfall“.
China hat die weltweit größte Bevölkerung. ( 2025 )
China Airlines wurde am 14.8.24 geschlossen.
Die Corona-Pandemie begann im Jahr 2019.
Bundeskanzler Friedrich Merz ist 28 Jahre alt.
Friedrich Merz besitzt ein Flugzeug.
Deutschland hat eine der stärksten Volkswirtschaften Europas.
Die Schweiz verdient jährlich rund 600 Millionen durch den Export von Waffen in europäische Länder.
Die Schweiz ist eines der reichsten Länder der Welt.
Cristiano Ronaldo spielt derzeit Fußball für Al Nassr (2025).
 
Antwortstatistiken
Antwort % Korrekt
Harry Potter ist auch als Film erhältlich.
47%
Tokyo ist die Hauptstadt von Japan.
47%
Deutschland hat eine der stärksten Volkswirtschaften Europas.
43%
Die Corona-Pandemie begann im Jahr 2019.
43%
Cristiano Ronaldo spielt derzeit Fußball für Al Nassr (2025).
40%
Emirates Airlines kommt aus den Vereinigten Arabischen Emiraten.
33%
Lucius Malfoy ist eine böse Person in Harry Potter.
30%
Die Schweiz ist eines der reichsten Länder der Welt.
27%
Friedrich Merz ist ein Hobby Pilot
23%
Singapore Airlines fliegt den längsten Nonstop-Flug der Welt (2025).
20%
Airbus produziert nach wie vor das größte Passagierflugzeug der Welt.( 2025 )
13%
Friedrich Merz besitzt ein Flugzeug.
13%
Der Airbus A350-1000 ist das neueste Flugzeug von Airbus.
10%
Mathematik ist in der Schweiz das Beliebteste Fach. ( 2025 )
10%
Die Schweiz verdient jährlich rund 600 Millionen durch den Export von Waffen in europäische Länder.
7%
Swiss hat drei Airbus A350-900 bestellt.
0%
Keine übereinstimmenden Quizze gefunden
Verteilung der Resultate
Anzahl Personen mit jedem Resultat
Perzentil nach korrekt beantworteten Fragen
Ihre Resultats-Entwicklung
Sie haben dieses Quiz noch nicht gespielt